Multiple Intelligences (Record no. 17863)
[ view plain ]
| 000 -LEADER | |
|---|---|
| fixed length control field | 00355nam a22001337a 4500 |
| 008 - FIXED-LENGTH DATA ELEMENTS--GENERAL INFORMATION | |
| fixed length control field | 190730b xxu||||| |||| 00| 0 eng d |
| 020 ## - INTERNATIONAL STANDARD BOOK NUMBER | |
| International Standard Book Number | 1855391929 |
| 050 ## - LIBRARY OF CONGRESS CALL NUMBER | |
| Classification number | LB1060 |
| Item number | .F54 2007 c.1 |
| 100 ## - MAIN ENTRY--PERSONAL NAME | |
| Personal name | Fleetham, Mike |
| 245 ## - TITLE STATEMENT | |
| Title | Multiple Intelligences |
| Statement of responsibility, etc. | Mike Fleetham |
| 260 ## - PUBLICATION, DISTRIBUTION, ETC. (IMPRINT) | |
| Place of publication, distribution, etc. | London |
| Name of publisher, distributor, etc. | Network Continuum |
| Date of publication, distribution, etc. | 2007 |
| 300 ## - PHYSICAL DESCRIPTION | |
| Extent | 96p. |
| 942 ## - ADDED ENTRY ELEMENTS (KOHA) | |
| Source of classification or shelving scheme | Library of Congress Classification |
| Koha item type | General Collection |
| Withdrawn status | Lost status | Source of classification or shelving scheme | Not for loan | Home library | Current library | Date acquired | Cost, normal purchase price | Total Checkouts | Full call number | Barcode | Date last seen | Price effective from | Koha item type | Date last checked out |
|---|---|---|---|---|---|---|---|---|---|---|---|---|---|---|
| Library of Congress Classification | Kabarak, Main Campus | Kabarak, Main Campus | 30/07/2019 | 522.00 | LB1060 .F54 2007 c.1 | 022586 | 30/07/2019 | 30/07/2019 | General Collection | |||||
| Library of Congress Classification | Kabarak, Main Campus | Kabarak, Main Campus | 30/07/2019 | 522.00 | 1 | LB1060 .F54 2007 c.2 | 022588 | 22/10/2019 | 30/07/2019 | General Collection | 05/10/2019 | |||
| Library of Congress Classification | Kabarak, Main Campus | Kabarak, Main Campus | 30/07/2019 | 522.00 | 1 | LB1060 .F54 2007 c.3 | 022591 | 22/10/2019 | 30/07/2019 | General Collection | 07/10/2019 |